| 000 | 00624nam a2200193 a 4500 | ||
|---|---|---|---|
| 001 | 563 | ||
| 003 | CDMR | ||
| 005 | 20131202135959.0 | ||
| 008 | 130130s1977||||||||||||||||||||||||||||d | ||
| 040 |
_aCDMR _bcat _cCDMR |
||
| 111 | 2 |
_aCongrés de Cultura Catalana _9416 |
|
| 245 | 1 | 0 |
_aProjecte de resolucions _b: àmbit Mitjans de Comunicació _cCongrès de Cultura Catalana, Comissions de treball dels sub-àmbits |
| 260 | _c1977 | ||
| 300 | _c30 cm | ||
| 500 | _aEx. fotocopiat | ||
| 650 | 0 | 4 |
_91448 _aMitjans de comunicació de massa _zCatalunya |
| 650 | 0 | 4 |
_94400 _aMitjans de comunicació de massa _xCongressos |
| 942 |
_cMON _2udc |
||
| 999 |
_c563 _d563 |
||